[Event "IECC O-3771"]
[Site "IECC email"]
[Date "2013.09.11"]
[Round "?"]
[White "Cronk, Harold"]
[Black "Haaland, Phillip L"]
[Result "0-1"]
[WhiteElo "907"]
[BlackElo "884"]
[PlyCount "66"]
[EventDate "2013.??.??"]
[EventType "swiss (corr)"]
[EventRounds "2"]
[SourceTitle "Telechess CBM 165"]
[Source "ChessBase"]
[SourceDate "2015.03.11"]
[SourceVersion "1"]
[SourceVersionDate "2015.03.11"]
[SourceQuality "1"]
[WhiteTeam "US of America"]
[BlackTeam "US of America"]
[WhiteTeamCountry "USA"]
[BlackTeamCountry "USA"]

1. e4 e5 2. Nf3 Bd6 3. Nc3 Nf6 4. Bc4 0-0 5. 0-0 h6 6. Nh4 Bb4 7. Nd5 Nxe4 8. Nxb4 Qxh4 9. Qf3 Ng5 10. Qe2 Nc6 11. Nxc6 bxc6 12. Re1 d5 13. Bb3 Re8 14. d4 Ne4 15. Be3 Nf6 16. Ba4 Bd7 17. dxe5 Rxe5 18. f3 Qxa4 19. a3 Re6 20. b3 Qh4 21. Red1 Nh5 22. Rd4 Qe7 23. Re1 c5 24. Rxd5 Re5 25. c4 Nf6 26. Rxe5 Qxe5 27. Rd1 Qc3 28. Rd3 Qa5 29. a4 Qb6 30. h4 Bf5 31. Rd2 Qxb3 32. Rb2 Qxa4 33. Rb7 Qc6 0-1

[Event "IECC O-1859"]
[Site "IECC email"]
[Date "2004.01.13"]
[Round "?"]
[White "Cronk, Harold"]
[Black "Davis, Dee"]
[Result "0-1"]
[WhiteElo "884"]
[BlackElo "944"]
[PlyCount "26"]
[EventDate "2004.??.??"]
[EventType "swiss (corr)"]
[EventRounds "2"]
[SourceTitle "Corr 2020"]
[Source "ChessBase"]
[SourceDate "2019.09.30"]
[SourceVersion "1"]
[SourceVersionDate "2019.09.30"]
[SourceQuality "1"]
[WhiteTeam "United States"]
[BlackTeam "United States"]
[WhiteTeamCountry "USA"]
[BlackTeamCountry "USA"]

1. e4 e5 2. Nf3 Nc6 3. Nc3 Nf6 4. Bb5 Bc5 5. Nd5 Ng4 6. 0-0 a6 7. Bxc6 dxc6 8. Ne3 Nf6 9. Nxe5 Nxe4 10. Qf3 f6 11. N3c4 Ng5 12. Qe2 fxe5 13. Qxe5+ Qe7 0-1

[Event "IECC M email"]
[Site "IECC email"]
[Date "2001.06.30"]
[Round "?"]
[White "Cronk, Harold"]
[Black "Jensen, Jeff"]
[Result "0-1"]
[WhiteElo "958"]
[BlackElo "1014"]
[PlyCount "62"]
[EventDate "2001.??.??"]
[EventType "tourn (corr)"]
[EventRounds "6"]
[SourceTitle "Corr 2008"]
[Source "ChessBase"]
[SourceDate "2008.06.24"]
[SourceVersion "1"]
[SourceVersionDate "2008.06.24"]
[SourceQuality "1"]

1. e4 c5 2. Nc3 a6 3. a3 Nc6 4. Nge2 e6 5. d4 cxd4 6. Nxd4 Bc5 7. Be3 Nxd4 8. Bxd4 Bxd4 9. Qxd4 Qf6 10. Qxf6 Nxf6 11. Be2 0-0 12. 0-0-0 Rd8 13. e5 Ne8 14. Ne4 b6 15. Nd6 Nxd6 16. Rxd6 b5 17. c4 bxc4 18. Bxc4 Bb7 19. Rhd1 Ra7 20. Rxd7 Rxd7 21. Rxd7 Kf8 22. f4 Ke8 23. Rd3 Bxg2 24. Rg3 Be4 25. Rxg7 Rc7 26. b3 Kf8 27. Rg4 Bd5 28. Kb2 Bxc4 29. bxc4 Rxc4 30. h3 Re4 31. h4 Re3 0-1

[Event "IECC O email"]
[Site "IECC email"]
[Date "2000.04.30"]
[Round "?"]
[White "Hocks, Trevor"]
[Black "Cronk, Harold"]
[Result "0-1"]
[WhiteElo "1000"]
[BlackElo "983"]
[PlyCount "72"]
[EventDate "2000.??.??"]
[EventType "tourn (corr)"]
[EventRounds "6"]
[SourceTitle "Corr 2008"]
[Source "ChessBase"]
[SourceDate "2008.06.24"]
[SourceVersion "1"]
[SourceVersionDate "2008.06.24"]
[SourceQuality "1"]

1. e4 e5 2. Nf3 Nf6 3. Bc4 c6 4. Nc3 Bb4 5. a3 Bxc3 6. bxc3 d5 7. Bb3 Nxe4 8. Nxe5 Qf6 9. f4 Nd7 10. Rf1 Qh4+ 11. g3 Qxh2 12. Ng4 Qxg3+ 13. Nf2 Ndf6 14. Ke2 Ng4 15. Ke1 Nh2 16. Qe2 Bg4 17. Qd3 Nf3+ 18. Ke2 0-0 19. Nxg4 Rae8 20. Kd1 Qxg4 21. Qe3 Neg5 22. Qxf3 Nxf3 23. Bb2 Nh2+ 24. Kc1 Nxf1 25. Kb1 Nxd2+ 26. Ka2 Nxb3 27. cxb3 Qxf4 28. Rb1 a5 29. Bc1 Re2+ 30. Ka1 Qe4 31. Rb2 Re8 32. Ka2 Rxb2+ 33. Kxb2 Qg2+ 34. Kb1 Re1 35. a4 Qd2 36. b4 Rxc1# 0-1

[Event "IECC M email"]
[Site "IECC email"]
[Date "2000.03.23"]
[Round "?"]
[White "Meservy, Ty"]
[Black "Cronk, Harold"]
[Result "1-0"]
[WhiteElo "1017"]
[BlackElo "998"]
[PlyCount "61"]
[EventDate "2000.??.??"]
[EventType "tourn (corr)"]
[EventRounds "2"]
[SourceTitle "Corr 2008"]
[Source "ChessBase"]
[SourceDate "2008.06.24"]
[SourceVersion "1"]
[SourceVersionDate "2008.06.24"]
[SourceQuality "1"]

1. e4 Nf6 2. d4 d5 3. e5 Nfd7 4. c4 e6 5. c5 Nc6 6. Qd2 f6 7. f4 h6 8. Nf3 fxe5 9. fxe5 g5 10. Be2 b6 11. b4 g4 12. Ng1 h5 13. Bd3 Bh6 14. Bg6+ Ke7 15. Qxh6 Rxh6 16. Bxh6 Qh8 17. Bg5+ Kf8 18. Ne2 Ndxe5 19. dxe5 Nxe5 20. 0-0+ Kg8 21. Bf6 Qh6 22. Bxe5 Qxg6 23. Nbc3 a5 24. Bxc7 axb4 25. Nb5 Ra5 26. cxb6 Rxb5 27. Nd4 Rc5 28. Bd6 Rc4 29. Rf8+ Kh7 30. Be5 Ba6 31. Rh8# 1-0